000 00895cam a2200229 i 4500
005 20260119123516.0
008 250721s2006 jo gr 000 0 ara d
020 _a9957181084
082 1 4 _a332.46
_bح س ي
100 1 _aحسين، رحيم.
_eمؤلف.
245 1 2 _aالنقد والسياسة النقدية في إطار الفكرين الإسلامي والغربي /
_cتاليف الدكتور رحيم حسين.
250 _aالطبعة الاولى.
264 3 1 _aعمان :
_bدار المناهج للنشر والتوزيع،
_c2006.
300 _a230 صفحة
650 1 7 _aالنقود.
650 1 7 _aالعلاقات النقدية الدولية.
650 1 7 _aالنظرية النقدية.
650 1 7 _aالفكر الإقتصادي.
650 1 7 _aالإقتصاد الإسلامي.
942 _2ddc
_cBK
999 _c101121
_d101121